| 000 | 00000nam##2200000za#4500 |
| 001 | 9.681784 |
| 003 | CaOODSP |
| 005 | 20200330071906 |
| 007 | ta |
| 008 | 150407|2002||||xxc||||| f|0| 0 fre|d |
| 020 | |a0-662-86883-8 |
| 040 | |aCaOODSP|bfre |
| 043 | |an-cn--- |
| 086 | 1 |aRH4-17/2000F |
| 110 | 1 |aCanada.|bDéveloppement des ressources humaines Canada. |
| 245 | 10|aBien-être de l'enfance au Canada 2000 : |ble rôle des responsables provinciaux et territoriaux dans la prestation des services de protection de l'enfance / |cPréparé par le Secrétariat du Groupe de travail fédéral-provincial-territorial sur l'information sur les services à l'enfance et à la famille. |
| 260 | |aOttawa - Ontario : |bDéveloppement des ressources humaines Canada |c2002. |
| 300 | |axx, 242p. : |bgraphiques, références, tableaux ; |c28 cm. |
| 563 | |aCouverture souple |
| 590 | |a02-22|b2002-05-31 |
| 691 | 07|aPension alimentaire|2gcpds |
| 691 | 07|aPolitique sociale|2gcpds |
| 691 | 07|aSoin de l'enfant|2gcpds |
| 691 | 07|aViolence faite aux enfants|2gcpds |
| 775 | 08|tChild welfare in Canada 2000 : |w(CaOODSP)9.648501 |
| 776 | 0#|tBien-être de l'enfance au Canada 2000 : |w(CaOODSP)9.638146 |